| 000 | 00622nam a22002057a 4500 | ||
|---|---|---|---|
| 005 | 20251108173139.0 | ||
| 008 | 250721s9999 xx 000 0 ara d | ||
| 020 | _a995372105x | ||
| 082 | 1 | 4 | _a618/ رزق |
| 100 | 1 | _aرزق، هيام | |
| 245 | 1 | 0 | _aدليل الحمل و الإنجاب / |
| 264 | 1 |
_aبيروت : _bدار القلم للطباعة و النشر و التوزيع، |
|
| 300 | _a92ص. | ||
| 490 | 0 |
_aالسلسلة الطبية : الدليل الصحي للأسرة _v9 |
|
| 650 | 1 | 7 | _aالحمل |
| 650 | 1 | 7 | _aالولادة |
| 650 | 1 | 7 | _aالمرأة |
| 942 |
_2ddc _cBK |
||
| 999 |
_c97123 _d97123 |
||